Chemistry: (Record no. 183985)

MARC details
000 -LEADER
fixed length control field 00595nam a22001937a 4500
005 - DATE AND TIME OF LATEST TRANSACTION
control field 20220110123135.0
010 ## - LCCN (DPL NO)
LC control number ENG-131047-48
020 ## - INTERNATIONAL STANDARD BOOK NUMBER
International Standard Book Number 10-SE-000-939
Terms of availability 1070.00
020 ## - INTERNATIONAL STANDARD BOOK NUMBER
International Standard Book Number 978-93-52-83-91-48
Terms of availability 1205.00
035 ## - SYSTEM CONTROL NUMBER
System control number EN-114579-80
037 ## - SOURCE OF ACQUISITION
Source of stock number/acquisition DBAD
082 ## - DEWEY DECIMAL CLASSIFICATION NUMBER
Classification number 540
100 ## - MAIN ENTRY--PERSONAL NAME
Personal name Madan, R.D.
245 ## - TITLE STATEMENT
Title Chemistry:
Statement of responsibility, etc R.D. Madan, B.S. Bisht
Remainder of title for Class XI/
260 ## - PUBLICATION, DISTRIBUTION, ETC. (IMPRINT)
Place of publication, distribution, etc New Delhi
Name of publisher, distributor, etc S Chand School Books
Date of publication, distribution, etc 2013
270 ## - ADDRESS
City New Delhi
Address A-27, 2nd Floor, Mohan Co-operative Industrial Estate
Postal code 110044
300 ## - PHYSICAL DESCRIPTION
Extent 1480p.
Dimensions 23cm(pbk)
942 ## - ADDED ENTRY ELEMENTS (KOHA)
Source of classification or shelving scheme Dewey Decimal Classification
Item type English Books
Classification part 540
Call number suffix MAD
Holdings
Withdrawn status Lost status Materials specified (bound volume or other part) Not for loan Collection code Home library Current library Date acquired Source of acquisition Cost, normal purchase price Full call number Barcode Copy number Cost, replacement price Koha item type
    BOOK 1   Non-fiction Central Library Central Library 10/01/2022 DBAD/PUB 1070.00 540 MAD EN-114579 1 1070.00 English Books
    BOOK 2   Non-fiction Central Library Central Library 10/01/2022 DBAD/PUB 1205.00 540 MAD EN-114580 1 1205.00 English Books

© Delhi Public Library
Hit Counter
free hit counter